|
|
|
|
| LEADER |
00926nam a22002532a 4500 |
| 001 |
001294380 |
| 003 |
CZ BrMZK |
| 005 |
20150310150121.0 |
| 007 |
ta |
| 008 |
130520s1973 xo er|||||||||||slo d |
| 040 |
|
|
|a ABA001
|b cze
|d ABA001
|d BOA001
|
| 100 |
1 |
|
|a Navara, Jan,
|d 1937-
|7 mzk2010612647
|4 aut
|
| 245 |
1 |
0 |
|a Vplyv imisií bratislavského typu na niektoré vybrané rastliny /
|c Ján Navara, Ivan Horváth, Ivan Hauskrecht
|
| 250 |
|
|
|a 1. vyd.
|
| 260 |
|
|
|a Bratislava :
|b Slovenská akadémia vied,
|c 1973
|
| 300 |
|
|
|a 84 s. ;
|c 8°
|
| 490 |
1 |
|
|a Biologické práce ;
|v 19/3
|
| 700 |
1 |
|
|a Hauskrecht, Ivan
|7 mzk2015862824
|4 aut
|
| 700 |
1 |
|
|a Horváth, Ivan,
|d 1937-
|7 jn20000603012
|4 aut
|
| 810 |
2 |
|
|a Slovenská akadémia vied.
|t Biologické práce
|
| 910 |
|
|
|a BOA001
|b 2-0686.319
|
| 990 |
|
|
|a BK
|
| 991 |
|
|
|b 201305
|
| 996 |
7 |
|
|b 2619680904
|c 2-0686.319
|l Sklad H1
|r Sklad / do 24 hodin
|n 0
|h HS212
|w 001328906
|u 000010
|a 1
|e BOA001
|j MZK50
|s A
|